Costa Rica contemporánea. Capítulo 5

Uloženo v:
Podrobná bibliografie
Hlavní autor: Zelaya Goodman, Chester
Médium: Text
Vydáno: San José: Editorial Costa Rica
Tagy: Přidat tag
Žádné tagy, Buďte první, kdo vytvoří štítek k tomuto záznamu!

MARC

LEADER 00000 a a2200000 04500
001 25941
003
040
090 |a 174405  
100 |a Zelaya Goodman, Chester  
245 |a Costa Rica contemporánea. Capítulo 5  
260 |a San José:   |b Editorial Costa Rica  
300 |a 313 p.  
999 |c 16088  |d 16088